A Book of Mediterranean FOOD / (Record no. 202108)
[ view plain ]
| 000 -LEADER | |
|---|---|
| fixed length control field | 01873nam a2200313 i 4500 |
| 003 - CONTROL NUMBER IDENTIFIER | |
| control field | OSt |
| 005 - DATE AND TIME OF LATEST TRANSACTION | |
| control field | 20251211145912.0 |
| 008 - FIXED-LENGTH DATA ELEMENTS--GENERAL INFORMATION | |
| fixed length control field | 251211t20242024enka gr 001 0 eng d |
| 020 ## - INTERNATIONAL STANDARD BOOK NUMBER | |
| International Standard Book Number | 9781911714200 |
| Qualifying information | hardback |
| Terms of availability | RM 125.95 |
| 040 ## - CATALOGING SOURCE | |
| Original cataloging agency | PPAK |
| Language of cataloging | eng |
| Transcribing agency | PPAK |
| Description conventions | rda |
| 082 04 - DEWEY DECIMAL CLASSIFICATION NUMBER | |
| Classification number | 641.594 |
| Edition number | 23 |
| 090 00 - LOCALLY ASSIGNED LC-TYPE CALL NUMBER (OCLC); LOCAL CALL NUMBER (RLIN) | |
| Classification number (OCLC) (R) ; Classification number, CALL (RLIN) (NR) | 641.594 |
| Feature heading | DAV |
| Feature heading | R |
| 100 1# - MAIN ENTRY--PERSONAL NAME | |
| Personal name | David, Elizabeth, |
| Relator term | author. |
| 245 12 - TITLE STATEMENT | |
| Title | A Book of Mediterranean FOOD / |
| Statement of responsibility, etc. | by Elizabeth David. |
| 246 30 - VARYING FORM OF TITLE | |
| Title proper/short title | Book of mediterranean food |
| 250 ## - EDITION STATEMENT | |
| Edition statement | Hardback edition. |
| 264 #1 - PRODUCTION, PUBLICATION, DISTRIBUTION, MANUFACTURE, AND COPYRIGHT NOTICE | |
| Place of production, publication, distribution, manufacture | London : |
| Name of producer, publisher, distributor, manufacturer | GRUB STREET, |
| Date of production, publication, distribution, manufacture, or copyright notice | 2024 |
| Date of production, publication, distribution, manufacture, or copyright notice | ©2024 |
| 300 ## - PHYSICAL DESCRIPTION | |
| Extent | 208 pages : |
| Other physical details | illustrations, |
| Dimensions | 21 cm |
| 336 ## - CONTENT TYPE | |
| Content type term | text |
| Source | rdacontent |
| Content type term | still image |
| Source | rdacontent |
| 337 ## - MEDIA TYPE | |
| Media type term | unmediated |
| Source | rdamedia |
| 338 ## - CARRIER TYPE | |
| Carrier type term | volume |
| Source | rdacarrier |
| 500 ## - GENERAL NOTE | |
| General note | Includes index. |
| 520 ## - SUMMARY, ETC. | |
| Summary, etc. | A Book of Mediterranean Food - published in 1950 - was Elizabeth David's first book and it is based on a collection of recipes she made while living in France, Italy, the Greek islands and Egypt. 'Britain's most inspirational food writer' Independent She gives us hearty pasta and polenta dishes from Italy; aromatic and tangy salads from Turkey and Greece; and tasty seafood and saffron dishes from Spain. Whether it is the simplicity of hummus or the delicious blending of flavours found in plates of ratatouille or paella, Elizabeth David's wonderful recipes are imbued with all the delights of the sunny south. 'Not only did she transform the way we cooked but she is a delight to read' Express on Sunday Elizabeth David is the woman who changed the face of British cooking. She introduced post-war Britain to the sun-drenched delights of the Mediterranean and her recipes brought new flavours and aromas into kitchens across Britain. |
| 650 10 - SUBJECT ADDED ENTRY--TOPICAL TERM | |
| Topical term or geographic name entry element | Cooking, Mediterranean |
| Topical term or geographic name entry element | Cooking & Food. |
| 942 ## - ADDED ENTRY ELEMENTS (KOHA) | |
| Source of classification or shelving scheme | Dewey Decimal Classification |
| Koha item type | Book |
| Withdrawn | Not for loan | Current library | Shelving location | Date acquired | Total Checkouts | Full call number | Barcode | Date last seen | Koha item type |
|---|---|---|---|---|---|---|---|---|---|
| Not For Loan | Perpustakaan Alor Setar | Rujukan Dewasa | 24/12/2025 | R 641.594 DAV | A01896074 | 24/12/2025 | Book | ||
| Not For Loan | Perpustakaan Awam Sungai Petani | Rujukan Dewasa | 24/12/2025 | R 641.594 DAV | A01896075 | 24/12/2025 | Book |